| 000 | 00589nac a22001451u 4500 | ||
|---|---|---|---|
| 008 | 081028s1983 xxu||||| |||| 00| 0 ara d | ||
| 082 |
_a320.956 _bع ق ا |
||
| 245 |
_aالمشرق العربي المعاصر / _cصلاح العقاد |
||
| 260 |
_aالقاهرة : _bمكتبة الأنجلو المصرية ،1983 _c1983. |
||
| 300 |
_a636 ص ؛ _c24 سم. |
||
| 504 | _aيحتوي علي إرجاعات ببليوجرافية ص625-636 | ||
| 511 | _aCatalogued by: Sara | ||
| 651 |
_913700 _aالعالم العربي _xالأحوال السياسية |
||
| 942 |
_cBB _k320.956 ع ق ا _2ddc |
||
| 999 |
_c7212 _d7212 |
||